01009nam a2200289Ia 450000500170000000800410001702000180005804100080007608200160008410000330010024500920013325000180022530000550024349000190029850000520031765000410036965000440041065000350045465000420048994200120053126400380054333600270058133700330060833800280064104000350066999900150070420220317001854.0170410s2016 s g 000 0 s  a9788483931981 aspa04a530.8bF27a1 aFernández Panadero, Javier10aAproxímatebmide, calcula, estimabla ciencia para todoscJavier Fernández Panadero a1a. edición a254 páginasbgráficos en blanco y negroc22 cm aVoces : ensayo aIncluye datos biográficos del autor en solapa142LEMBaCienciaxEnseñanza elemental142LEMBaMediciónxEnseñanza elemental142LEMBaMediciónvExperimentos142LEMBaCienciavCuriosidades y enigmas 2ddccBK aMadridbPáginas de Espumac2016 atextobtxt2rdacontent asin mediaciónbn2rdamedia avolumenbnc2rdacarrier aCO-BoRNBPbspaerdacCO-BoRNBP c8369d8369